000 00872nac a22003017a 4500
001 BR6600471
003 BR-BrBNA
005 20240105113313.0
008 230509b bl.|||m| |||| 00| 0 por d
040 _aBR-BrBNA
_bpor
_cBiblioteca Nacional de Agricultura
072 _aE71
090 _a2120 BR6600471
110 1 _aInstituto Brasileiro do Cafe, Rio de Janeiro, RJ (Brasil). Depto. Economico
_95883
245 1 _aMercado de cafe na Espanha
260 3 _aRio de Janeiro, RJ (Brasil):
_c1966.
300 _a48 p.
490 _aMercados Consumidores de Cafe (Brazil)
_vno. 2
_x
500 _a16 ref.; 8 graphs
650 _aCAFE
650 _aIMPORTACAO
650 _aPRECO
650 _aCONSUMO
650 _aMERCADO
650 _aBALANCO DE PAGAMENTO
650 _aESPANHA
909 _a202312
_bLúcia Elande
_c55
_dLúcia Elande
942 _2AGRIS
_n0
_cMS
999 _c262989
_d262989